| 000 | 02573nas2a22003131i 4500 | ||
|---|---|---|---|
| 001 | RU\NLR\IC100\5000002589 | ||
| 005 | 20241212172627.0 | ||
| 035 | _a(NLR Aleph) 002284842 | ||
| 090 |
_a4076853 _c4076853 |
||
| 100 | _a20051114b20012005|||y0rusy50 ca | ||
| 101 | 0 | _arus | |
| 102 | _aRU | ||
| 110 | _azyuzz 0|y| | ||
| 200 | 1 |
_aПроблемы эксплуатации и совершенствования транспортных систем _eМежвуз. сб. науч. тр. |
|
| 210 |
_aСПб. _cАкад. ГА _d2001 - 2005 |
||
| 225 | 2 |
_aСборник научных трудов Академии гражданской авиации _fАкад. гражд. авиации _v... |
|
| 311 | _aВып. 4 (1999) - 5 (2000) вышли вне серии под загл.: Проблемы эксплуатации и совершенствования авиационной техники и систем воздушного транспорта (шифр П10/3741) | ||
| 430 | 0 |
_1001RU\NLR\INFOCOMM18\1000117841 _12001#$aПроблемы эксплуатации и совершенствования авиационной техники и систем воздушного транспорта _93694114 _cСПб. _d1999 - 2000 _fАкад. гражд. авиации _oМежвуз. сб. науч. тр. _tПроблемы эксплуатации и совершенствования авиационной техники и систем воздушного транспорта |
|
| 461 | 0 |
_1001RU\NLR\INFOCOMM6\1000360258 _12001#$aСборник научных трудов Академии гражданской авиации$fАкад. гражд. авиации _93975208 _aАкадемия гражданской авиации (Санкт-Петербург) _cСПб. _d1957 - 2005 _fАкад. гражд. авиации _nАкад. ГА _tСборник научных трудов Академии гражданской авиации |
|
| 801 | 2 |
_aRU _bNLR _c20070205 _2rusmarc |
|
| 801 | 1 |
_aRU _bInfoComm _c20051114 |
|
| 801 | 0 |
_aRU _bNLR _gPSBO |
|
| 852 |
_aNLR _jП10/1964 |
||
| 942 | _cSE | ||
| 980 | _aRUSPER | ||